000 01820nam0a2200337 4500
001 RU\NLR\BIBL_A\022551492
005 20260420044956.0
010 _a978-5-209-11837-4
_9300
021 _aRU
_bКН-П-25-020384
_9КН-П-25-2062
035 _a(NLR Aleph) 022551492
090 _a13673446
_c13673446
100 _a20250527d2025 u y0rusy50 ca
101 0 _arus
102 _aRU
105 _aa j 000yy
181 0 _ai
_baxxe
182 0 _an
200 1 _aФармакотерапия сердечно-сосудистых заболеваний в амбулаторной практике
_eучебное пособие
_eдля студентов старших курсов медицинских вузов, ординаторов
_fН. В. Стуров, А. В. Сыров, Г. Н. Кобыляну
203 _aТекст
_bвизуальный
_cнепосредственный
210 _aМосква
_cРоссийский университет дружбы народов им. Патриса Лумумбы
_d2025
215 _a92, [1] с.
_cтабл.
_d21
320 _aБиблиогр. в конце кн. (16 назв.)
606 1 _aСердечно-сосудистая система
_jУчебные издания для высших учебных заведений
_xБолезни
_xФармакотерапия
_91650657
_3RU\NLR\AUTH\661029158
686 1 _aР410-52я73
700 1 _7ca
_8rus
_aСтуров
_bН. В.
_cканд. мед. наук
_gНиколай Владимирович
_986221
_3RU\NLR\AUTH\77103295
701 1 _aСыров
_bА. В.
_gАндрей Валентинович
701 1 _aКобыляну
_bГ. Н.
_gГеоргий Николаевич
942 _cBOOK
980 _aNB